000 00772nam a2200277Ia 4500
005 20260324112551.0
008 008 260324s9999 xx 000 0 eng d
020 _a9781032626932
037 _aEBOOK
040 _aCRL
040 _beng
040 _cCRL
041 _2eng
041 _aeng
084 _qCRL
100 _aMing-Shan Zhao; Sing-Ping Chiew; Guan-Feng Chua; Miao Ding; Yi Yang; Zhengxia Cong
_91143235
245 0 _aDesign of High-performance Pre-engineered Steel Concrete Composite Beams for Sustainable Construction
260 _bTaylor and Francis
260 _c2024
365 _a
365 _b115
856 _uhttp://www.taylorfrancis.com/books/9781032626932
942 _cEBOOK
999 _c1732488
_d1732488